000
00297 a2200133 4500
001
64371
082
_a
515.9 CHU
090
_c
38002
_d
38002
100
_a
Churchill R.V
245
_a
Couplex Variables and applications
250
_a
3
260
_a
NY.
_b
McGraw-Hill
_c
1976
300
_a
332 p.
942
_a
NUST-CAE
_k
515.9 CHU
999
_c
299444
_d
299444